| 000 | 01045cad a22002055a 4500 | ||
|---|---|---|---|
| 001 | L151172 | ||
| 008 | 101005s2010 xxk f 000 0 eng d | ||
| 035 | _a(Sirsi) u151172 | ||
| 041 | 0 | _aeng | |
| 100 | 1 | _aHobbs, Gilli | |
| 110 | 2 | _aConstruction Resources and Waste Platform | |
| 245 | 0 | 0 |
_aConstruction Resources and Waste Roadmap _b2010 update _h[electronic resource] |
| 260 |
_aGarston _bBRE _c2010 |
||
| 520 | _aUpdate on the 2008 Construction Resources and Waste Platform (CRWP) action plan to achieve greater resource efficiency in the construction sector; general industry update, activities and outputs; table of key construction and demolition facts in other countries; EU legislation; case studies from Japan and The Netherlands; recommendations. | ||
| 590 | _aKA NTK | ||
| 651 | 4 | _aInternational | |
| 690 | _aENVIRONMENTAL AND LAND CONSULTANCY-WASTE MANAGEMENT | ||
| 856 | 4 | 8 |
_uhttps://www.crwplatform.co.uk/conwaste/assets/Publications/Roadmap-report.pdf _zView the website free of charge at www.crwplatform.co.uk |
| 942 | _n0 | ||
| 999 |
_c111205 _d111205 |
||